| 000 | 00457nam a2200121Ia 4500 | ||
|---|---|---|---|
| 008 | 220512s9999 xx 000 0 eng d | ||
| 100 | _aBansal, IJS | ||
| 245 | 0 |
_aSome dimensions of Human Biological Diversity among Indian populations / _cBansal, IJS and Basu, Amitabha ed |
|
| 260 |
_aWest Midnapore, West Bengal : _bIndian National Confederation and Academy of Anthropologists, _cFeb-07 |
||
| 546 | _aEnglish | ||
| 700 | _aBasu, Amitabha ed | ||
| 942 | _cPR | ||
| 999 |
_c36593 _d36593 |
||